| 000 | 00748nam a2200205 4500 | ||
|---|---|---|---|
| 001 | 116529 | ||
| 003 | ES-MaACL | ||
| 005 | 20230906190725.0 | ||
| 007 | t| | ||
| 008 | 061121s1957 sp r ||||1| spa d | ||
| 100 | 1 |
_aParsch, Pius. _989280 |
|
| 245 | 1 | 3 |
_aLa renovación de la parroquia por medio de la Liturgia / _cLiturgia popular por el Dr. Pio Parsch ; introducción y versión española de Don Jesús-María de Casia. |
| 260 |
_aPamplona : _bDesclée de Brouwer, _c1957. |
||
| 300 |
_a400 p. ; _c19 cm. |
||
| 490 | 1 |
_aBiblioteca de estudios pastorales ; _v15 |
|
| 700 | 1 |
_aCasia, Jesús-María. _936312 |
|
| 830 | 0 |
_aBiblioteca de estudios pastorales ; _v15 _9181669 |
|
| 852 |
_aES-MaACL _jC-13420 _bR.40496 |
||
| 999 |
_c116529 _d116529 |
||